Places To Study

There are group study rooms, individual study carrels, computer labs, and other spaces to study in the Libraries.

Reserve A Group Room

Online Resources

Access thousands of eBooks, audiobooks, and online journals from the comfort of your home.

Explore Resources

Events and Workshops

Join our upcoming events and workshops to enhance your skills and knowledge.

View Events

The Shan of Burma : (Record no. 2783)

MARC details
000 -LEADER
fixed length control field 00641nam a22001937a 4500
003 - CONTROL NUMBER IDENTIFIER
control field OSt
005 - DATE AND TIME OF LATEST TRANSACTION
control field 20251222143644.0
008 - FIXED-LENGTH DATA ELEMENTS--GENERAL INFORMATION
fixed length control field 251222b |||||||| |||| 00| 0 eng d
040 ## - CATALOGING SOURCE
Transcribing agency DCL
041 ## - LANGUAGE CODE
Language code of text/sound track or separate title English
082 ## - DEWEY DECIMAL CLASSIFICATION NUMBER
Classification number 959.116
100 ## - MAIN ENTRY--PERSONAL NAME
Personal name Tzang Yawnghwe, Chao,
Dates associated with a name 1939-
245 14 - TITLE STATEMENT
Title The Shan of Burma :
Remainder of title memoirs of a Shan exile /
Statement of responsibility, etc. Chao Tzang Yawnghwe (alias Eugene Thaike)
260 ## - PUBLICATION, DISTRIBUTION, ETC.
Place of publication, distribution, etc. Singapore :
Name of publisher, distributor, etc. Institute of Southeast Asian Studies,
Date of publication, distribution, etc. 1987.
300 ## - PHYSICAL DESCRIPTION
Extent xv, 276 pages :
Other physical details illustrations, maps ;
Dimensions 20 cm.
650 ## - SUBJECT ADDED ENTRY--TOPICAL TERM
Topical term or geographic name entry element Shan (Asian people)
651 ## - SUBJECT ADDED ENTRY--GEOGRAPHIC NAME
Geographic name Shan State (Myanmar)
Form subdivision History
942 ## - ADDED ENTRY ELEMENTS (KOHA)
Source of classification or shelving scheme Dewey Decimal Classification
Koha item type Short Term
Suppress in OPAC No
Holdings
Withdrawn status Lost status Source of classification or shelving scheme Damaged status Not for loan Collection Accession No. Home library Current library Shelving location Date acquired Total checkouts Full call number Barcode Date last seen Price effective from Koha item type
    Dewey Decimal Classification     English Collection 4383 Dhammadhara Dhammadhara English Shelves 22/12/2025   959.116 Ya 4383 EB00004383 22/12/2025 22/12/2025 Short Term